00608nam a2200205Ia 4500003000400000005001700004008004100021020002400062040000700086041000800093082001500101100002600116245002900142260003800171300000900209650002200218942001300240999001900253952013000272OSt20250902160952.0250729s2005 xx 000 0 und d a ‎ 978-8176488976 cAL aeng a371.2 SHAE aSharma Pamila9222399 aEducation administartion aNew DelhibA P H Publishingc2005 a338p aEducation9222400 2ddccBED c235444d235444 00104070aALbALd2025-07-29eSita Book Houseg150.00l0o371.2 SHAEpBED00763r2025-07-29 16:54:00v150.00w2025-07-29yBK